O novo direito constitucional brasileiro : (Record no. 181)

MARC details
000 -LÍDER
Campo Fixo de Controle 00880cam a2200253 a 4500
001 - NÚMERO DE CONTROLE
Campo de Controle 181
003 - IDENTIFICAÇÃO DO NÚMERO DE CONTROLE
Campo de Controle BR-CuiBMT
005 - DATA E HORA DA ÚLTIMA ATUALIZAÇÃO
Campo de Controle 20231117222953.0
008 - DADOS FIXOS
Dados Fixos 230824b2018 mgb 000 0 por d
020 ## - INTERNATIONAL STANDARD BOOK NUMBER
Nº do ISBN 788577006403
040 ## - AGÊNCIA CATALOGADORA
Código da Agência Catalogadora BR-CuiBMT
Agência que transcreveu o registro BR-CuiBMT
080 ## - Nº DA CLASSIFICAÇÃO DECIMAL UNIVERSAL
Nº edição CDU 2007
Nº Class. CDU 342
090 ## - NÚMERO DE CHAMADA
Nº classificação 342
Cutter B277n
100 1# - ENTRADA PRINCIPAL -- AUTOR PESSOAL
Nome pessoal Barroso, Luís Roberto,
Datas associadas ao nome 1958-
245 12 - TÍTULO PRINCIPAL
Título principal O novo direito constitucional brasileiro :
Subtítulo contribuições para a construção teórica e prática da jurisdição constitucional no Brasil /
Indicação de responsabilidade Luís Roberto Barroso.
260 ## - PUBLICAÇÃO, DISTRIBUIÇÃO, ETC.
Local de publicação Belo Horizonte :
Editora Fórum,
Data c2012.
300 ## - DESCRIÇÃO FÍSICA
N. páginas ou volumes 522 p. ;
Dimensões 22 cm
504 ## - NOTA DE BIBLIOGRAFIA, ETC.
Nota de bibliografia Inclui bibliografia.
590 ## - NOTA LOCAL
Nota local A biblioteca possui a 1. reimpr. 2018 e a 5. reimpr. 2018.
650 ## - ASSUNTO TÓPICO
Cabeçalho tópico ou nome geográfico Direito constitucional
Subdivisão geográfica Brasil
650 ## - ASSUNTO TÓPICO
Cabeçalho tópico ou nome geográfico Jurisdição (Direito constitucional)
Subdivisão geográfica Brasil
650 ## - ASSUNTO TÓPICO
Cabeçalho tópico ou nome geográfico Direito público
942 ## - ELEMENTOS DE ENTRADA ADICIONAIS (KOHA)
Fonte de classificação ou esquema de arquivamento Classificação Decimal Universal
Tipo de item do Koha Livros
Holdings
Estado: removido Estado: perdido Fonte de classificação ou esquema de arquivamento Estado: danificado Indisponível para empréstimo Localização permanente Localização atual Data de aquisição Total Checkouts Número de Chamada completo Código de barras Date last seen Número do exemplar Preço efetivo a partir de Tipo de item (Koha) Nota pública
    Classificação Decimal Universal     Biblioteca da Escola Superior de Contas do TCE/MT Biblioteca da Escola Superior de Contas do TCE/MT 28/06/2023   342 B277n BIBTCEMT23080158 24/08/2023 Ex. 1 24/08/2023 Livros 1. reimpr. 2018
    Classificação Decimal Universal     Biblioteca da Escola Superior de Contas do TCE/MT Biblioteca da Escola Superior de Contas do TCE/MT 16/11/2023   342 B277n BIBTCEMT23110629 16/11/2023 Ex. 2 16/11/2023 Livros 5. reimpr. 2018
    Classificação Decimal Universal     Biblioteca da Escola Superior de Contas do TCE/MT Biblioteca da Escola Superior de Contas do TCE/MT 16/11/2023   342 B277n BIBTCEMT23110630 16/11/2023 Ex. 3 16/11/2023 Livros 5. reimpr. 2018

Powered by Koha